MARC

LEADER 00000nam0a2200000 4500
001 146477
005 20231101221228.0
035 |a (RuTPU)RU\TPU\book\158774 
090 |a 146477 
100 |a 20081030d1972 m y0rusy50 ca 
101 0 |a rus 
102 |a RU 
105 |a a z 001zy 
200 1 |a Станислао Канниццаро  |e очерк жизни и деятельности  |f Г. В. Быков, В. А. Крицман  |g Академия наук СССР (АН СССР) 
210 |a Москва  |c Наука  |d 1972 
215 |a 215 с.  |c ил. 
225 1 |a Научно-биографическая серия 
320 |a Библиогр.: с. 207-214. 
600 1 |a Канниццаро  |b С.  |c итальянский ученый, химик  |f 1826-1910  |g Станислао  |2 stltpush  |3 (RuTPU)RU\TPU\pers\7134 
606 1 |a Химики  |x Персоналии  |2 stltpush  |3 (RuTPU)RU\TPU\subj\69968  |9 84576 
610 1 |a химия 
610 1 |a история 
610 1 |a Италия 
675 |a 54(092)  |v 3 
700 1 |a Быков  |b Г. В.  |g Георгий Владимирович 
701 1 |a Крицман  |b В. А.  |g Виктор Абрамович 
712 0 2 |a Академия наук СССР (АН СССР)  |2 stltpush  |3 (RuTPU)RU\TPU\col\722 
801 1 |a RU  |b 63413507  |c 20081030  |g PSBO 
801 2 |a RU  |b 63413507  |c 20140623  |g PSBO 
942 |c BK